000 01010nam a2200241Ia 4500
001 10188
003 GE_BSU
008 181216s||||||||xx |||||||||||||| ||und||
040 _cGE_BSU
080 _a821.353.1–1
100 _aტაბიძე,გალაქტიონ
245 _aთხზულებანი თორმეტ ტომად. ტ.1
245 _bლექსები
245 _cსარედ.კოლ.გ.გვერდწითელი.გამოსაც. მოამზადა იოსებ ლორთქიფანიძე
260 _aთბილისი
260 _bსაბჭოთა საქართველო
260 _c1966
300 _a503გვ.21სმ.
520 _aამოცემას თან ერთვის ს.ჭილაიას ლიტ.წერილი "გალაქტიონ ტაბიძე
653 _aთხზულებანი
653 _aლექსები
942 _cBK
999 _c43457
_d43457